| 000 | 00371nam a2200157Ia 4500 | ||
|---|---|---|---|
| 008 | 230711s9999||||xx |||||||||||||| ||und|| | ||
| 041 | _aENG | ||
| 082 |
_a690 _bRA-B |
||
| 100 | _aRangwala,S.C | ||
| 245 | 0 | _aBuilding construction | |
| 250 | _a24th | ||
| 260 |
_c2006 _aNew Delhi _bCharotar Publishing House PVT.LTD |
||
| 300 | _a831 | ||
| 650 | _aArchitecture | ||
| 942 | _cBK | ||
| 999 |
_c32 _d32 |
||